| 000 | 00904nam a22002177a 4500 | ||
|---|---|---|---|
| 010 | _a1617CH-EN | ||
| 020 |
_a9780143332589 _c399.00 |
||
| 035 | _aB-643347-373 | ||
| 035 | _aB-664646 | ||
| 037 |
_aDPL _bBSB/ven |
||
| 082 | _aS | ||
| 100 | _aBandopadhyay, Bibhutibhushan | ||
| 245 |
_aMoon mountain / _cby Bibhutibhushan Bandopadhyay; illustrated by Sayan Mukherjee |
||
| 260 |
_aGurgaon _bPuffin Books _c2014 |
||
| 270 |
_a7th Floor, Infinity Tower C, DLF Cyber City, _bGurgaon _e122002 |
||
| 300 |
_a154p. _c23cm(pbk) |
||
| 700 | _aMukherjee, Sayan | ||
| 942 |
_2ddc _cCH _mBAN _hS |
||
| 999 |
_c100608 _d100608 |
||